| 000 | 00523cam a22001457a 4500 | ||
|---|---|---|---|
| 008 | 180718b1998 xxu||||| |||| 00| 0 eng d | ||
| 082 | _aA81x54 91/1/PT5D/8/PT1 | ||
| 100 | _aCensus of India 1991 | ||
| 245 | _aIndia: migration tables | ||
| 260 |
_aDelhi _bThe Controller of Publications _c1998 |
||
| 300 | _a701+p. | ||
| 440 | _aCensus of India 1991. Series-1, India. Part V-D, Series, Volume-8, Part 1 | ||
| 500 | _aContents: Table D-16 part-A (India, states and union territories | ||
| 650 | _aMigration, Internal - India | ||
| 999 |
_c486476 _d486476 |
||